Statistics for Languages in France

Click here to take the quiz!

General Stats

  • This quiz has been taken 15 times
  • The average score is 15 of 56

Answer Stats

Language% Correct
French
100%
German
93%
Italian
87%
Arabic
80%
Dutch
80%
English
80%
Catalan
73%
Occitan
73%
Breton
67%
Portugeuse
67%
Turkish
67%
Basque
60%
Corsican
60%
Polish
60%
Romani
60%
Alsatian
47%
Flemish
47%
Vietnamese
47%
Walloon
40%
Ligurian
33%
Picard
33%
French Sign Language
27%
Kurdish
27%
Provencal
27%
Lorrain
20%
Gallo
13%
Tahitian
13%
Gascon
7%
Lorraine
7%
Lyonnais
7%
Normandie
7%
Amerindian
0%
Angevan
0%
Auvergnat
0%
Berrichon
0%
Bourguignon-Morvandiau
0%
Bressan
0%
Champenois
0%
Cornouaillais
0%
Dauphinois
0%
Forezein
0%
Franc-Comtois
0%
Futunan
0%
Jurrasien
0%
Leonard
0%
Limousin
0%
Nissart
0%
Patois
0%
Royasc
0%
Savoyard
0%
Shibushi
0%
Shimaore
0%
Tregorrois
0%
Vannetais
0%
Wallisian
0%
Yenish
0%

Score Distribution

Percentile by Number Answered

Percent of People with Each Score

Your Score History

You have not taken this quiz